00923nam a22002297a 45000010005000000030006000050050017000110080041000280200018000690400029000870500009001160820008001251000015001332450040001482600039001883000047002275050007002745200301002815210027005825210018006096500066006277325FISKH20250821145915.0250709b cb ||||| |||| 00| 0 eng d a9781842399897 aFISKHbengcFISKHdFISKH aPZ7  a813 aAnonymous  aThe little book of nursery rhymes / aLondon : bAligator Books, c2007. a63 pages : bcolor illustrations ; c18 cm aE  aA charming collection of familiar nursery rhymes and songs, this little volume supports early literacy and language development. With rhythmic text and simple phonics patterns, it introduces young children to classic verse and playful sound patterns—ideal for shared reading and memorization. 8 a200 bLexile estimate 8 aE bRaz-Plus  aTraditional Verse vShared ReadingxPhonics yEarly Reader